La civilisation Grecque a l'époque archaique et classique

Uloženo v:
Podrobná bibliografie
Hlavní autor: Chamoux, Francois (Autor)
Médium: Kniha
Jazyk:francouzština
Vydáno: París Arthaud 1968
Edice:Les Grandes Civilisations
Témata:
Tagy: Přidat tag
Žádné tagy, Buďte první, kdo vytvoří štítek k tomuto záznamu!

MARC

LEADER 00000nam a2200000 a 4500
001 UCP4815
003 CL-VaPUC
008 990813e19680000FR |||||||||||||||||fre|d
082 0 4 |a 938  |b CHA  |2 21 
100 0 |a Chamoux, Francois  |e author  |9 432714 
245 1 3 |a La civilisation Grecque a l'époque archaique et classique 
300 |a 476 p 
942 |c BK 
945 |d 19990813 00:00:00  |a lriquelm 
260 |a París  |b Arthaud  |c 1968 
650 0 |a Civilización griega  |9 265578 
650 0 |a Guerras médicas  |9 405682 
650 7 |a RITOS  |2 CL-VaPUC  |9 337654 
650 0 |a Dioses  |9 265645 
650 7 |a LITERATURA GRIEGA  |2 CL-VaPUC  |9 258054 
651 0 |a Grecia  |9 265314 
583 |a last modification  |c 19990813 00:00:00  |k Rodrigo Vera 
490 0 |a Les Grandes Civilisations 
999 |c 282712  |d 282710 
952 |0 0  |1 0  |4 0  |6 938_000000000000000_CHA_1968  |7 0  |8 A  |9 324883  |a BIBHIS  |b BIBHIS  |d 2019-11-20  |i 135972K  |o 938 CHA 1968  |p 135972K  |r 2023-01-25  |w 2019-11-20  |y BK  |k HIS 
952 |0 0  |1 0  |4 0  |6 938_000000000000000_CHA_1968  |7 0  |8 A  |9 324884  |a BIBHIS  |b BIBHIS  |d 2019-11-20  |i 1359738  |o 938 CHA 1968  |p 1359738  |r 2025-01-20  |w 2019-11-20  |y BK  |k HIS